|
|
|
|
| LEADER |
03144nam a2200601 4500 |
| 001 |
978-3-319-99725-4 |
| 003 |
DE-He213 |
| 005 |
20191220130100.0 |
| 007 |
cr nn 008mamaa |
| 008 |
180828s2018 gw | s |||| 0|eng d |
| 020 |
|
|
|a 9783319997254
|9 978-3-319-99725-4
|
| 024 |
7 |
|
|a 10.1007/978-3-319-99725-4
|2 doi
|
| 040 |
|
|
|d GrThAP
|
| 050 |
|
4 |
|a QA76.9.L63
|
| 050 |
|
4 |
|a QA76.5913
|
| 072 |
|
7 |
|a UM
|2 bicssc
|
| 072 |
|
7 |
|a COM051000
|2 bisacsh
|
| 072 |
|
7 |
|a UM
|2 thema
|
| 072 |
|
7 |
|a UYF
|2 thema
|
| 082 |
0 |
4 |
|a 005.1015113
|2 23
|
| 245 |
1 |
0 |
|a Static Analysis
|h [electronic resource] :
|b 25th International Symposium, SAS 2018, Freiburg, Germany, August 29-31, 2018, Proceedings /
|c edited by Andreas Podelski.
|
| 250 |
|
|
|a 1st ed. 2018.
|
| 264 |
|
1 |
|a Cham :
|b Springer International Publishing :
|b Imprint: Springer,
|c 2018.
|
| 300 |
|
|
|a X, 445 p. 102 illus.
|b online resource.
|
| 336 |
|
|
|a text
|b txt
|2 rdacontent
|
| 337 |
|
|
|a computer
|b c
|2 rdamedia
|
| 338 |
|
|
|a online resource
|b cr
|2 rdacarrier
|
| 347 |
|
|
|a text file
|b PDF
|2 rda
|
| 490 |
1 |
|
|a Programming and Software Engineering ;
|v 11002
|
| 505 |
0 |
|
|a Static Analysis -- Program Verification.-Bug Detection -- Compiler Organization -- Program Understanding -- Software Maintenance.
|
| 520 |
|
|
|a This book constitutes the refereed proceedings of the 25th International Static Analysis Symposium, SAS 2018, held in Freiburg, Germany, in August 2018. The 18 papers presented in this volume were carefully reviewed and selected from 37 submissions. The contributions cover a variety of multi-disciplinary topics in abstract domains: program verication, bug detection, compiler optimization, program understanding, and software maintenance.
|
| 650 |
|
0 |
|a Computer logic.
|
| 650 |
|
0 |
|a Software engineering.
|
| 650 |
|
0 |
|a Programming languages (Electronic computers).
|
| 650 |
|
0 |
|a Computer programming.
|
| 650 |
|
0 |
|a Computer system failures.
|
| 650 |
|
0 |
|a Computers.
|
| 650 |
1 |
4 |
|a Logics and Meanings of Programs.
|0 http://scigraph.springernature.com/things/product-market-codes/I1603X
|
| 650 |
2 |
4 |
|a Software Engineering.
|0 http://scigraph.springernature.com/things/product-market-codes/I14029
|
| 650 |
2 |
4 |
|a Programming Languages, Compilers, Interpreters.
|0 http://scigraph.springernature.com/things/product-market-codes/I14037
|
| 650 |
2 |
4 |
|a Programming Techniques.
|0 http://scigraph.springernature.com/things/product-market-codes/I14010
|
| 650 |
2 |
4 |
|a System Performance and Evaluation.
|0 http://scigraph.springernature.com/things/product-market-codes/I13049
|
| 650 |
2 |
4 |
|a The Computing Profession.
|0 http://scigraph.springernature.com/things/product-market-codes/I24075
|
| 700 |
1 |
|
|a Podelski, Andreas.
|e editor.
|4 edt
|4 http://id.loc.gov/vocabulary/relators/edt
|
| 710 |
2 |
|
|a SpringerLink (Online service)
|
| 773 |
0 |
|
|t Springer eBooks
|
| 776 |
0 |
8 |
|i Printed edition:
|z 9783319997247
|
| 776 |
0 |
8 |
|i Printed edition:
|z 9783319997261
|
| 830 |
|
0 |
|a Programming and Software Engineering ;
|v 11002
|
| 856 |
4 |
0 |
|u https://doi.org/10.1007/978-3-319-99725-4
|z Full Text via HEAL-Link
|
| 912 |
|
|
|a ZDB-2-SCS
|
| 912 |
|
|
|a ZDB-2-LNC
|
| 950 |
|
|
|a Computer Science (Springer-11645)
|